<?xml version="1.0" encoding="UTF-8"?>
<record
    xmlns:xsi="http://www.w3.org/2001/XMLSchema-instance"
    xsi:schemaLocation="http://www.loc.gov/MARC21/slim http://www.loc.gov/standards/marcxml/schema/MARC21slim.xsd"
    xmlns="http://www.loc.gov/MARC21/slim">

  <leader>01866cam a2200325 a 4500</leader>
  <controlfield tag="001">17388921</controlfield>
  <controlfield tag="003">OSt</controlfield>
  <controlfield tag="005">20210916113528.0</controlfield>
  <controlfield tag="008">120713s2013    njua     b    001 0 eng  </controlfield>
  <datafield tag="010" ind1=" " ind2=" ">
    <subfield code="a">  2012028595</subfield>
  </datafield>
  <datafield tag="020" ind1=" " ind2=" ">
    <subfield code="a">9781118184905</subfield>
  </datafield>
  <datafield tag="035" ind1=" " ind2=" ">
    <subfield code="a">(DNLM)101588239</subfield>
  </datafield>
  <datafield tag="040" ind1=" " ind2=" ">
    <subfield code="a">DNLM/DLC</subfield>
    <subfield code="c">DLC</subfield>
    <subfield code="b">CO-JMCR</subfield>
  </datafield>
  <datafield tag="041" ind1="0" ind2=" ">
    <subfield code="a">spa</subfield>
  </datafield>
  <datafield tag="082" ind1="0" ind2="4">
    <subfield code="a">338.433621 /</subfield>
    <subfield code="b">G394h</subfield>
    <subfield code="2">23</subfield>
  </datafield>
  <datafield tag="100" ind1="1" ind2=" ">
    <subfield code="a">Getzen, Thomas E.</subfield>
    <subfield code="e">autor </subfield>
    <subfield code="9">40530</subfield>
  </datafield>
  <datafield tag="245" ind1="1" ind2="0">
    <subfield code="a">Health economics and financing /</subfield>
    <subfield code="c">Thomas E. Getzen.</subfield>
  </datafield>
  <datafield tag="250" ind1=" " ind2=" ">
    <subfield code="a">Fifth edition</subfield>
  </datafield>
  <datafield tag="260" ind1=" " ind2=" ">
    <subfield code="a">Hoboken :</subfield>
    <subfield code="b">John Wiley &amp; Sons,</subfield>
    <subfield code="c">c2013.</subfield>
  </datafield>
  <datafield tag="300" ind1=" " ind2=" ">
    <subfield code="a">xxvii, 468 pages : </subfield>
    <subfield code="b">illustrations and graphics in black and white ; </subfield>
    <subfield code="c">27 cm.</subfield>
  </datafield>
  <datafield tag="504" ind1=" " ind2=" ">
    <subfield code="a">Includes bibliographical references and index.</subfield>
  </datafield>
  <datafield tag="505" ind1="0" ind2=" ">
    <subfield code="a">Choices: Money, Medicine, and Health. -- Demand and Supply . -- Cost-Benefit and Cost-Effectiveness Analysis. -- Health Insurance: Financing Medical Care. -- Insurance Contracts and Managed Care. -- Physicians. -- Medical Education, Organization, and Business Practices. -- Hospitals. -- Management and Regulation of Hospital Costs. -- Long-Term Care. -- Pharmaceuticals. -- Financing and Ownership of Health Care Providers. -- Macroeconomics of Medical Care. -- The Role of Government and Public Goods. -- History, Demography, and the Growth of Modern Medicine. -- International Comparisons of Health and Health. -- Expenditures. -- Economic Evaluation of Health Policy: The Patient Protection and Affordable Care Act of 2010. -- Value for Money in the Future of Health Care.</subfield>
  </datafield>
  <datafield tag="650" ind1="1" ind2="4">
    <subfield code="a">Medical economics.</subfield>
    <subfield code="9">40531</subfield>
  </datafield>
  <datafield tag="650" ind1="2" ind2="4">
    <subfield code="a">Medical care, Cost of.</subfield>
    <subfield code="9">40532</subfield>
  </datafield>
  <datafield tag="650" ind1="2" ind2="4">
    <subfield code="a">Flow of funds.</subfield>
    <subfield code="9">40533</subfield>
  </datafield>
  <datafield tag="650" ind1="1" ind2="2">
    <subfield code="a">Economics, Medical</subfield>
    <subfield code="z">United States.</subfield>
    <subfield code="9">40534</subfield>
  </datafield>
  <datafield tag="650" ind1="2" ind2="2">
    <subfield code="a">Delivery of Health Care</subfield>
    <subfield code="x">economics</subfield>
    <subfield code="z">United States.</subfield>
    <subfield code="9">40535</subfield>
  </datafield>
  <datafield tag="650" ind1="2" ind2="2">
    <subfield code="a">Health Care Reform</subfield>
    <subfield code="x">economics</subfield>
    <subfield code="z">United States.</subfield>
    <subfield code="9">40536</subfield>
  </datafield>
  <datafield tag="942" ind1=" " ind2=" ">
    <subfield code="2">ddc</subfield>
    <subfield code="c">BK</subfield>
  </datafield>
  <datafield tag="999" ind1=" " ind2=" ">
    <subfield code="c">12483</subfield>
    <subfield code="d">12483</subfield>
  </datafield>
  <datafield tag="952" ind1=" " ind2=" ">
    <subfield code="0">0</subfield>
    <subfield code="1">0</subfield>
    <subfield code="2">ddc</subfield>
    <subfield code="4">0</subfield>
    <subfield code="7">0</subfield>
    <subfield code="a">CPL</subfield>
    <subfield code="b">CPL</subfield>
    <subfield code="c">GEN</subfield>
    <subfield code="d">2018-04-15</subfield>
    <subfield code="e">Donaci&#xF3;n</subfield>
    <subfield code="o">338.433621 / G394h</subfield>
    <subfield code="p">430000388</subfield>
    <subfield code="r">2024-05-16 00:00:00</subfield>
    <subfield code="t">Ej.1</subfield>
    <subfield code="w">2021-03-10</subfield>
    <subfield code="y">BK</subfield>
  </datafield>
</record>
